Nouveau manuel complet du charpentier, ou, Traité simplifié de cet art, suivi d'un petit traité de géométrie descriptive, renfermant la solution des problèmes dont on fait le plus fréquement usage / par MM. Biston, Bouterau et Hanus. Ouvrage orné de 14 planches contenant un grand nombre de figures

Detalles Bibliográficos
Autor principal: Biston
Formato: Libro
Lenguaje:French
Publicado: Paris : a la Librerairie Encyclopedique, 1848.
Edición:Nouvelle édition revue, corrigée et considérablement
Serie editorial:Manuels-Roret
Materias:
Colección:Banco de datos
Acervo:Fondo Bibliográfico Antiguo Colección de Origen de la Universidad de Ciencias y Artes de Chiapas
Descripción Física:VIII, 332 p. ; 16°
Tema general:Carpintería-Diccionarios
Notas:Portada tipográfica con plecas. Título de la anteportada: Encyclopédie-Roret. Charpentier. Texto a renglón seguido. Incluye cabecera de título. Encuadernación en cartón con lomo y orillas en piel. Daños en la encuadernación, lomo desprendido
LEADER 01386nam a22002170004500
035 |a 16 
041 0 |a fre 
100 1 |a Biston 
245 1 0 |a Nouveau manuel complet du charpentier, ou, Traité simplifié de cet art, suivi d'un petit traité de géométrie descriptive, renfermant la solution des problèmes dont on fait le plus fréquement usage / par MM. Biston, Bouterau et Hanus. Ouvrage orné de 14 planches contenant un grand nombre de figures  
250 |a Nouvelle édition revue, corrigée et considérablement 
260 |a Paris : a la Librerairie Encyclopedique, 1848. 
300 |a VIII, 332 p. ; 16° 
440 0 |a Manuels-Roret 
500 |a Portada tipográfica con plecas. Título de la anteportada: Encyclopédie-Roret. Charpentier. Texto a renglón seguido. Incluye cabecera de título. Encuadernación en cartón con lomo y orillas en piel. Daños en la encuadernación, lomo desprendido  
504 |a Al final de la obra está Table des matières 
650 1 0 |a Carpintería-Diccionarios 
740 0 |a Traité simplifié de cet art, suivi d'un petit traité de géométrie descriptive, renfermant la solution des problèmes dont on fait le plus fréquement usage 
949 |a UNICACH, Colección de Origen: 036 
942 |c CHIAORIG 
943 |g Fondo Bibliográfico Antiguo Colección de Origen de la Universidad de Ciencias y Artes de Chiapas 
999 |c 1098028  |d 1098028